[Event "Figueira da Foz op 11th"]
[Site "Figueira da Foz"]
[Date "2017.11.03"]
[Round "7"]
[White "Richard, Emma"]
[Black "Llaneza Vega, Marcos"]
[Result "0-1"]
[WhiteElo "2086"]
[BlackElo "2416"]
[PlyCount "110"]
[EventDate "2017.10.29"]
[EventType "swiss"]
[EventRounds "9"]
[EventCountry "POR"]
[SourceTitle "CBM 181 Extra"]
[Source "ChessBase"]
[SourceDate "2017.12.12"]
[SourceVersion "1"]
[SourceVersionDate "2017.12.12"]
[SourceQuality "1"]

1. e4 c5 2. Nf3 g6 3. c3 Bg7 4. d4 cxd4 5. cxd4 d5 6. exd5 Nf6 7. Bb5+ Nbd7 8. d6 exd6 9. Qe2+ Qe7 10. Qxe7+ Kxe7 11. 0-0 Rd8 12. Nc3 Nb6 13. Re1+ Kf8 14. h3 h6 15. Bd2 Be6 16. Rac1 Rac8 17. Bd3 g5 18. b3 Nfd5 19. Nb5 a6 20. Rxc8 Nxc8 21. Na3 Nce7 22. Nc4 Nc6 23. Na5 Nxa5 24. Bxa5 Rc8 25. Bd2 Ke7 26. a4 Kd7 27. b4 Nb6 28. b5 Nc4 29. bxa6 bxa6 30. Be3 Rb8 31. Rb1 Rxb1+ 32. Bxb1 Kc7 33. Bc2 Bd5 34. Kf1 Kb6 35. Ke2 Ka5 36. Nd2 Nxe3 37. Kxe3 Bxg2 38. Nc4+ Kb4 39. Nxd6 Bxh3 40. Nxf7 Bd7 41. d5 Bf8 42. f4 Be8 43. Ne5 gxf4+ 44. Kxf4 Bxa4 45. Nc6+ Ka3 46. Bxa4 Kxa4 47. Ke5 Kb5 48. Nd4+ Kc4 49. Ne6 Be7 50. Nd4 a5 51. Nc6 a4 52. Nxe7 a3 53. d6 a2 54. d7 a1Q+ 55. Kd6 Qf6+ 0-1

[Event "Figueira da Foz op 11th"]
[Site "Figueira da Foz"]
[Date "2017.11.01"]
[Round "4"]
[White "Jakubowski, Krzysztof"]
[Black "Llaneza Vega, Marcos"]
[Result "1/2-1/2"]
[WhiteElo "2529"]
[BlackElo "2416"]
[PlyCount "80"]
[EventDate "2017.10.29"]
[EventType "swiss"]
[EventRounds "9"]
[EventCountry "POR"]
[SourceTitle "CBM 181 Extra"]
[Source "ChessBase"]
[SourceDate "2017.12.12"]
[SourceVersion "1"]
[SourceVersionDate "2017.12.12"]
[SourceQuality "1"]

1. c4 Nf6 2. b3 g6 3. Bb2 Bg7 4. g3 0-0 5. Bg2 c5 6. Nf3 Nc6 7. 0-0 d6 8. d4 Bg4 9. d5 Na5 10. Nbd2 a6 11. h3 Bd7 12. Ne1 b5 13. Rb1 Rb8 14. Qc2 e6 15. f4 Re8 16. e4 bxc4 17. bxc4 exd5 18. cxd5 c4 19. Bc3 Nb7 20. g4 Nc5 21. Rxb8 Qxb8 22. e5 Ba4 23. Qc1 Nfd7 24. e6 fxe6 25. Bxg7 Kxg7 26. dxe6 Nxe6 27. Qc3+ Kg8 28. f5 Qb6+ 29. Kh2 Qd4 30. Ne4 gxf5 31. gxf5 Qxc3 32. Nxc3 Nec5 33. Bd5+ Kg7 34. Nxa4 Nxa4 35. Bxc4 Nac5 36. Ng2 Re4 37. Bd5 Re2 38. Rd1 Nf6 39. Bc4 Rc2 40. Rd4 Nfe4 1/2-1/2

[Event "Figueira da Foz op 11th"]
[Site "Figueira da Foz"]
[Date "2017.10.29"]
[Round "1"]
[White "Llaneza Vega, Marcos"]
[Black "Roque, Armando Filipe"]
[Result "1-0"]
[WhiteElo "2416"]
[BlackElo "1903"]
[PlyCount "105"]
[EventDate "2017.10.29"]
[EventType "swiss"]
[EventRounds "9"]
[EventCountry "POR"]
[SourceTitle "CBM 181 Extra"]
[Source "ChessBase"]
[SourceDate "2017.12.12"]
[SourceVersion "1"]
[SourceVersionDate "2017.12.12"]
[SourceQuality "1"]

1. e4 e6 2. Nf3 d5 3. Nc3 Nf6 4. e5 Nfd7 5. d4 c5 6. dxc5 Be7 7. h4 h6 8. a3 Bxc5 9. Bd3 Nc6 10. Qe2 a6 11. h5 Nd4 12. Nxd4 Bxd4 13. f4 Nc5 14. Nd1 Bd7 15. Be3 Nxd3+ 16. Qxd3 Bxe3 17. Nxe3 Bb5 18. Qd4 Rc8 19. 0-0-0 Qc7 20. Rh3 0-0 21. c3 Qc5 22. f5 Qxd4 23. Rxd4 Kh7 24. Rg3 Be2 25. Kd2 Bb5 26. Rdg4 Rg8 27. f6 gxf6 28. Rxg8 Rxg8 29. Rxg8 Kxg8 30. exf6 Bc6 31. Ng4 Kh7 32. Ne5 Kg8 33. g3 Ba4 34. Ke3 Bd1 35. g4 b6 36. Kf4 Ba4 37. Nd3 Bb5 38. Nb4 a5 39. Nc2 Bd3 40. Nd4 a4 41. Ke5 Kf8 42. Kd6 b5 43. Nf3 Be2 44. Ne5 Bd1 45. Kd7 Be2 46. g5 hxg5 47. h6 Kg8 48. Nxf7 g4 49. Ng5 Bd3 50. Ke7 Bg6 51. h7+ Kh8 52. f7 Bxf7 53. Kxf7 1-0